000 01348nas a2200409 i 4500
001 193438
003 SpMaBN
005 20250804062804.0
006 m g d |
007 cr*|||||||||||
008 231205c19789999sp br pso 0 b0spa
010 _an
_b0
022 0 _a2531-2944
_2_u
035 _aa6067307
040 _aSpMaBN
_bspa
_cSpMaBN
_erdc
080 _a1
130 3 _aEl Basilisco (Oviedo. Internet)
_9234630
210 0 _aBasilisco
_bInternet
222 3 _aEl Basilisco
_bInternet
245 1 3 _aEl Basilisco :
_brevista de materialismo filosófico
260 _aOviedo :
_bPentalfa Ediciones,
_c1978-
260 3 _aOviedo :
_bFundación Gustavo Bueno,
_c1998-
310 _aBimestral
336 _aTexto (visual)
_2isbdcontent
337 _aelectrónico
_2isbdmedia
362 0 _aN. 1 (marzo-abr. 1978)-
530 _aDisponible edición impresa
650 7 _aFilosofía
_2embne
_912802
655 0 _aPáginas Web
_2tgfbne
_9226719
655 0 _aRevistas electrónicas
_2tgfbne
_9226718
710 2 _aFundación Gustavo Bueno
776 0 8 _iVersión impresa
_tBasilisco =
_xISSN 0210-0088
_0193439
_w193439
856 4 0 _uhttp://fgbueno.es/edi/bas.htm
_yAcceso electrónico
942 _2udc
_n0
_cREV_E
955 _bCRON CRON
999 _c193438
_d193438